000 00614nam a2200193Ia 4500
005 20241129111339.0
008 241129s9999||||xx |||||||||||||| ||und||
037 _aREF
040 _aCRL
_bpun
_cCRL
041 _apun
_2pun
084 _aP153:4k N5(RR)
_qCRL
245 0 _aਸਚਿੱਤਰ ਪ੍ਰਾਇਸਰੀ ਪੰਜਾਬੀ ਕੌਸ਼
260 _aਪੰਜਾਬ, ਭਾਰਤ
_bਪੰਜਾਬ ਭਾਸ਼ਾ ਵਿਭਾਗ
_c1995
300 _a326ਪ੍ਰ0
365 _aINR
_b98
650 _aPunjabi Dictionary
942 _cREF
_hP153:4k N5(RR)
999 _c1230041
_d1230041